[Event "27th Klatovy B 2019"]
[Site "Klatovy CZE"]
[Date "2019.07.04"]
[Round "6.3"]
[White "Day, Tobias"]
[Black "Masek, Jan"]
[Result "0-1"]
[WhiteElo "1680"]
[BlackElo "1905"]
[PlyCount "118"]
[EventDate "2019.06.29"]
[EventType "swiss"]
[EventRounds "9"]
[EventCountry "CZE"]

1. e4 e5 2. Nf3 Nc6 3. Bc4 Bc5 4. d3 Nf6 5. c3 d6 6. O-O O-O 7. Re1 h6 8. Nbd2 Kh8 9. Nf1 Ng4 10. Be3 Bb6 11. Bxb6 axb6 12. h3 Nf6 13. Ng3 Ne7 14. Qb3 Ng6 15. d4 Qe8 16. Rad1 Bd7 17. Qc2 b5 18. Bb3 Qc8 19. Nf5 Nxe4 20. Nxh6 gxh6 21. Qxe4 f5 22. Qe3 f4 23. Qe2 exd4 24. Qe4 Bf5 25. Qxd4+ Kh7 26. Bd5 Qd7 27. a3 Ra4 28. Qd2 Kg7 29. Nd4 Bxh3 30. gxh3 Qxh3 31. Bg2 Qh5 32. Ne6+ Kh8 33. Qe2 f3 34. Nxf8 fxe2 35. Nxg6+ Qxg6 36. Rxe2 Rg4 37. f3 Rf4 38. Rde1 Rxf3 39. Re8+ Kg7 40. R1e7+ Rf7 41. Rxf7+ Kxf7 42. Rb8 h5 43. Rxb7 h4 44. Rxc7+ Kf6 45. Rc6 Ke5 46. Kh1 Ke6 47. Bh3+ Ke5 48. Rb6 Qb1+ 49. Kh2 Qxb2+ 50. Bg2 Qe2 51. Rb7 Qc4 52. Re7+ Kf6 53. Rb7 Qe2 54. Rb8 Qe5+ 55. Kh1 Qe1+ 56. Kh2 Qg3+ 57. Kh1 h3 58. Bc6 d5 59. Rf8+ Kg7 0-1

[Event "27th Klatovy B 2019"]
[Site "Klatovy CZE"]
[Date "2019.07.04"]
[Round "6.4"]
[White "Zak, Jiri1"]
[Black "Danek, Vaclav"]
[Result "1-0"]
[WhiteElo "1717"]
[BlackElo "1849"]
[PlyCount "103"]
[EventDate "2019.06.29"]
[EventType "swiss"]
[EventRounds "9"]
[EventCountry "CZE"]

1. d4 c5 2. d5 e5 3. e4 d6 4. c4 Nf6 5. Nc3 Be7 6. Be2 O-O 7. Nf3 Ne8 8. O-O g6 9. Bd2 Ng7 10. Qc1 f5 11. Bg5 f4 12. Bxe7 Qxe7 13. h3 Nd7 14. a3 a5 15. b3 g5 16. Nb5 Ne8 17. Nh2 Ndf6 18. Qc2 h5 19. f3 Qh7 20. Rfe1 Kh8 21. Bd3 Rg8 22. Bf1 Rg6 23. Kf2 g4 24. fxg4 hxg4 25. Ke2 gxh3 26. gxh3 Rg3 27. Kd1 Bxh3 28. Nc3 Ng4 29. Nxg4 Bxg4+ 30. Kc1 Nf6 31. Kb2 Bh5 32. a4 Rag8 33. Ka3 f3 34. Nd1 R8g4 35. Nf2 Rh4 36. Bd3 Rh2 37. Rh1 Rhg2 38. Bf1 Rg1 39. Bh3 Rxa1+ 40. Rxa1 Qh6 41. Rh1 Qf4 42. Qc3 b6 43. Qe1 Kg7 44. Nd3 Qg5 45. Nf2 Bg6 46. Kb2 Nh5 47. Kc2 Nf4 48. Bf1 Rg1 49. Nh3 Nxh3 50. Rxh3 Rg4 51. Bd3 Qe3 52. Qxe3 1-0

[Event "27th Klatovy B 2019"]
[Site "Klatovy CZE"]
[Date "2019.07.04"]
[Round "6.5"]
[White "Vachal, Josef1"]
[Black "Day, Timothy"]
[Result "1/2-1/2"]
[WhiteElo "1827"]
[BlackElo "1527"]
[PlyCount "51"]
[EventDate "2019.06.29"]
[EventType "swiss"]
[EventRounds "9"]
[EventCountry "CZE"]

1. d4 f5 2. Nf3 Nf6 3. g3 g6 4. c4 Bg7 5. Bg2 O-O 6. Nc3 d6 7. O-O Qe8 8. Rb1 e5 9. dxe5 dxe5 10. e4 Nc6 11. Re1 h6 12. Nd5 Qd7 13. Nh4 Kh7 14. Bh3 Nxd5 15. exf5 gxf5 16. cxd5 Nd4 17. Be3 Qxd5 18. Bxd4 exd4 19. Qh5 Qf7 20. Qxf7 Rxf7 21. Re8 b6 22. Nxf5 Bb7 23. Rxa8 Bxa8 24. Nxg7 Kxg7 25. Bg2 Bxg2 26. Kxg2 1/2-1/2

[Event "27th Klatovy B 2019"]
[Site "Klatovy CZE"]
[Date "2019.07.04"]
[Round "6.6"]
[White "Zelba, Lukas"]
[Black "Vanduyfhuys, Igor"]
[Result "0-1"]
[WhiteElo "1274"]
[BlackElo "1803"]
[PlyCount "128"]
[EventDate "2019.06.29"]
[EventType "swiss"]
[EventRounds "9"]
[EventCountry "CZE"]

1. d4 Nf6 2. Bf4 g6 3. Nc3 Bg7 4. e4 d6 5. Qd2 O-O 6. O-O-O Nc6 7. f3 Re8 8. g4 e5 9. dxe5 Nxe5 10. h4 h5 11. Bxe5 Rxe5 12. Qf4 Bd7 13. g5 Nh7 14. Bd3 Nf8 15. Qg3 Bc6 16. Nge2 Re8 17. Rhe1 a5 18. Bb5 Qd7 19. Nd4 Bxb5 20. Ndxb5 a4 21. a3 Ra5 22. Nd4 b5 23. Na2 Rb8 24. Ne2 Ra6 25. Nb4 Ra7 26. e5 c5 27. Rxd6 Qe8 28. Nd5 Bxe5 29. Nf6+ Bxf6 30. gxf6 Qe3+ 31. Rd2 Re8 32. Kd1 Rd7 33. Rxd7 Nxd7 34. Nc3 Qd4+ 35. Kc1 Rxe1+ 36. Qxe1 Nxf6 37. Nxb5 Qf4+ 38. Kb1 Qxf3 39. Nc3 Qf4 40. Qe7 Qxh4 41. Nxa4 Qxa4 42. Qxf6 h4 43. Qd8+ Kg7 44. Qd2 h3 45. Qc3+ Qd4 46. Qxh3 Qd1+ 47. Ka2 Qxc2 48. Qe3 Qc4+ 49. b3 Qd4 50. Qxd4+ cxd4 51. a4 g5 52. a5 g4 53. a6 g3 54. a7 g2 55. a8=Q g1=Q 56. Qd5 Qe3 57. Qg2+ Kf6 58. Qc6+ Kg5 59. Qg2+ Kf4 60. Qh2+ Ke4 61. Qh1+ Kd3 62. Qh7+ Kc3 63. Qxf7 Qe2+ 64. Ka3 Qa6# 0-1

[Event "27th Klatovy B 2019"]
[Site "Klatovy CZE"]
[Date "2019.07.04"]
[Round "6.7"]
[White "Kalab, Jaromir"]
[Black "Bauer, Jan 2005"]
[Result "1/2-1/2"]
[WhiteElo "1577"]
[BlackElo "1721"]
[PlyCount "113"]
[EventDate "2019.06.29"]
[EventType "swiss"]
[EventRounds "9"]
[EventCountry "CZE"]

1. e4 e6 2. d4 d5 3. exd5 exd5 4. Bd3 c5 5. dxc5 Bxc5 6. Nc3 Nf6 7. Qe2+ Be6 8. Nf3 O-O 9. O-O Re8 10. Bg5 h6 11. Bxf6 Qxf6 12. Nxd5 Qd8 13. Ne3 Nc6 14. c3 Bg4 15. Rad1 Qc8 16. Bb1 Bh5 17. Qd3 Bg6 18. Qd5 Ne7 19. Qb3 Bxe3 20. fxe3 Bxb1 21. Rxb1 Nf5 22. Rbe1 Nxe3 23. Ng5 Nxf1 24. Qxf7+ Kh8 25. Ne6 Rxe6 26. Rxe6 Qf8 27. Qxf1 Qc5+ 28. Qf2 Qxf2+ 29. Kxf2 Rd8 30. Ke2 Rd7 31. g4 Kg8 32. b4 Kf7 33. Re3 Kf6 34. h4 b5 35. Re8 a6 36. Rc8 Rd6 37. Ke3 g5 38. h5 Ke5 39. Rg8 Rc6 40. Kd3 Rd6+ 41. Ke3 Rc6 42. Kd3 Rd6+ 43. Kc2 Rc6 44. Kd3 Rd6+ 45. Ke2 Rc6 46. Ra8 Rxc3 47. Rxa6 Kf4 48. Rxh6 Ra3 49. Rb6 Rxa2+ 50. Kf1 Kxg4 51. h6 Rh2 52. Kg1 Kg3 53. Rxb5 Rxh6 54. Rxg5+ Kf4 55. Ra5 Rb6 56. b5 Ke3 57. Ra3+ 1/2-1/2

[Event "27th Klatovy B 2019"]
[Site "Klatovy CZE"]
[Date "2019.07.04"]
[Round "6.8"]
[White "Zidu, Jan"]
[Black "Langmajer, Jan"]
[Result "1-0"]
[WhiteElo "1852"]
[BlackElo "1514"]
[PlyCount "145"]
[EventDate "2019.06.29"]
[EventType "swiss"]
[EventRounds "9"]
[EventCountry "CZE"]

1. Nf3 d5 2. d4 e6 3. c4 Nf6 4. Bg5 Nbd7 5. e3 c6 6. cxd5 exd5 7. Bd3 Be7 8. Nc3 O-O 9. O-O h6 10. Bh4 Ne4 11. Bxe7 Qxe7 12. Nd2 Ndf6 13. Ndxe4 dxe4 14. Bc4 Be6 15. Qb3 Bxc4 16. Qxc4 Rfd8 17. Rac1 Nd5 18. a3 Nxc3 19. Rxc3 Rd5 20. Rfc1 Rad8 21. Qa4 a6 22. Qc2 Qe6 23. Rc5 Qe7 24. b4 Qe6 25. Qc4 Qg4 26. a4 R8d6 27. h3 Qe6 28. Qe2 Rxc5 29. bxc5 Rd7 30. Qc4 Qe7 31. Qe2 Qe6 32. Qg4 Qe7 33. Qf4 Qe6 34. g4 Qe7 35. Rb1 Kh7 36. Kg2 g6 37. Kg3 f6 38. h4 Rd5 39. Qb8 Rd7 40. Qf4 Rd5 41. Kg2 Kg7 42. Kf1 Kh7 43. Ke2 Kg7 44. Kd2 Kh7 45. Kc3 Kg7 46. Kd2 Kh7 47. Ke2 Kg7 48. a5 Kh7 49. g5 fxg5 50. hxg5 hxg5 51. Qb8 Rd8 52. Qxb7 Qxb7 53. Rxb7+ Kh6 54. Rb6 Rc8 55. Rxa6 g4 56. Kf1 Kg5 57. Rb6 Kh4 58. Kg2 Kg5 59. a6 Kf5 60. a7 Ra8 61. Ra6 Kg5 62. Kg3 Kf5 63. Rxc6 Rxa7 64. Rd6 Rc7 65. Rd5+ Ke6 66. Re5+ Kf6 67. Kxg4 Rd7 68. Rxe4 Rc7 69. f4 Rc8 70. Re5 Rc6 71. Kf3 Rc8 72. Ke4 Rd8 73. d5 1-0

[Event "27th Klatovy B 2019"]
[Site "Klatovy CZE"]
[Date "2019.07.04"]
[Round "6.9"]
[White "Vaclavik, Jan"]
[Black "Zednik, Zdenek"]
[Result "1-0"]
[WhiteElo "1733"]
[BlackElo "1879"]
[PlyCount "45"]
[EventDate "2019.06.29"]
[EventType "swiss"]
[EventRounds "9"]
[EventCountry "CZE"]

1. e4 c5 2. Nc3 Nc6 3. Nf3 d6 4. d4 cxd4 5. Nxd4 Nf6 6. Bg5 e6 7. Qd2 Be7 8. Bxf6 Bxf6 9. Ndb5 O-O 10. O-O-O Qa5 11. Kb1 a6 12. Nxd6 b5 13. Qe3 b4 14. Nc4 Qc7 15. Na4 Bd4 16. Qg3 e5 17. Be2 Be6 18. b3 Na7 19. Rxd4 Nb5 20. Rdd1 Rac8 21. Kb2 Bxc4 22. Bxc4 Qa5 23. Qxe5 1-0

[Event "27th Klatovy B 2019"]
[Site "Klatovy CZE"]
[Date "2019.07.04"]
[Round "6.10"]
[White "Soucek, Petr"]
[Black "Simacek, Vaclav"]
[Result "1-0"]
[WhiteElo "1679"]
[BlackElo "1809"]
[PlyCount "89"]
[EventDate "2019.06.29"]
[EventType "swiss"]
[EventRounds "9"]
[EventCountry "CZE"]

1. d4 Nf6 2. Bg5 c5 3. d5 h6 4. Bf4 Qb6 5. Bc1 e6 6. c4 Qb4+ 7. Nc3 Qxc4 8. e3 Qb4 9. Bd2 Qb6 10. Bc4 Be7 11. Nge2 O-O 12. e4 d6 13. Nf4 e5 14. Nd3 Bg4 15. f3 Bh5 16. Qe2 a6 17. h4 Qc7 18. a4 Nbd7 19. g4 b5 20. axb5 Nb6 21. Ba2 c4 22. Nb4 axb5 23. Nxb5 Qd7 24. Nc6 Rfe8 25. gxh5 Nxh5 26. Qh2 f5 27. Qh3 Nf4 28. Bxf4 exf4 29. O-O Bf6 30. Nc3 Rf8 31. Kh1 Qe8 32. Rfe1 Qh5 33. e5 dxe5 34. Nxe5 Rfe8 35. Nxc4 Nxc4 36. Bxc4 Rxa1 37. Rxa1 Re3 38. d6+ Kh7 39. Kg2 Bxh4 40. Nd5 Qg5+ 41. Kf1 Re6 42. Ne7 Rxd6 43. Qxf5+ Qxf5 44. Nxf5 Rc6 45. Bd3 1-0

[Event "27th Klatovy B 2019"]
[Site "Klatovy CZE"]
[Date "2019.07.04"]
[Round "6.11"]
[White "Perik, Alois"]
[Black "Sova, Zdenek"]
[Result "0-1"]
[WhiteElo "1809"]
[BlackElo "1687"]
[PlyCount "98"]
[EventDate "2019.06.29"]
[EventType "swiss"]
[EventRounds "9"]
[EventCountry "CZE"]

1. c4 c5 2. Nc3 Nf6 3. g3 Nc6 4. Bg2 g6 5. Nf3 Bg7 6. O-O O-O 7. d4 cxd4 8. Nxd4 Nxd4 9. Qxd4 d6 10. Qd2 a6 11. Rd1 Qc7 12. b3 Be6 13. Bb2 Rac8 14. Rac1 Ng4 15. Nd5 Bxd5 16. cxd5 Qb6 17. e3 Bxb2 18. Qxb2 Rxc1 19. Rxc1 Ne5 20. Qc3 Rb8 21. h4 h5 22. Bh3 a5 23. Kg2 Qb5 24. Qc7 Qxd5+ 25. Kg1 Nf3+ 26. Kf1 Rf8 27. Qxe7 Qd3+ 28. Kg2 Qd2 29. Rf1 Ne1+ 30. Kg1 Nf3+ 31. Kh1 Qxa2 32. Qxb7 Nd2 33. Rd1 Qxb3 34. Qxb3 Nxb3 35. Rxd6 Ra8 36. Bg2 Ra7 37. Bd5 Nc5 38. Rc6 Nd3 39. Kg1 a4 40. Rc3 Nb4 41. e4 a3 42. Rc1 Nxd5 43. exd5 a2 44. Ra1 Kf8 45. Kg2 Ra3 46. Kf1 Ke7 47. Ke1 Kd6 48. Kd1 Kxd5 49. Kc2 Ke4 0-1

[Event "27th Klatovy B 2019"]
[Site "Klatovy CZE"]
[Date "2019.07.04"]
[Round "6.12"]
[White "Rezac, Jindrich"]
[Black "Pecka, Jan"]
[Result "0-1"]
[WhiteElo "1787"]
[BlackElo "1537"]
[PlyCount "120"]
[EventDate "2019.06.29"]
[EventType "swiss"]
[EventRounds "9"]
[EventCountry "CZE"]

1. d4 d5 2. c4 e6 3. Nc3 Nf6 4. Bg5 Be7 5. e3 O-O 6. Nf3 Nbd7 7. Bd3 dxc4 8. Bxc4 c5 9. O-O b6 10. Qe2 cxd4 11. Nxd4 Bb7 12. Bxe6 fxe6 13. Nxe6 Qc8 14. Nxf8 Qxf8 15. Qc4+ Kh8 16. Rad1 Rc8 17. Qe6 Rc6 18. Qh3 Bc8 19. Qf3 Ne5 20. Qf4 Rc5 21. Bxf6 gxf6 22. Nd5 Ba6 23. Nxe7 Qxe7 24. Rfe1 Nd3 25. Qg4 Nxe1 26. Rxe1 Rc4 27. Qf5 Bc8 28. Qd5 Rc5 29. Qd4 Kg7 30. h3 Qd7 31. Qf4 Bb7 32. e4 Qc7 33. Qe3 Rc4 34. Qd3 Bxe4 35. Qe3 Bg6 36. g3 Re4 37. Qd2 Qc2 38. Qd7+ Kh6 39. Rd1 Re2 40. Rd4 Rxf2 41. Rh4+ Bh5 42. Qd5 Rf5 43. Qd4 Qe2 44. Rf4 Rxf4 45. Qxf4+ Kg6 46. g4 Qe5 47. gxh5+ Kxh5 48. Qf3+ Kh6 49. Qa8 Qg3+ 50. Kf1 Qxh3+ 51. Kg1 Qe3+ 52. Kf1 Qc1+ 53. Kf2 Qxb2+ 54. Kg3 Qa3+ 55. Kh4 Qxa2 56. Qf8+ Kg6 57. Qe8+ Qf7 58. Qe4+ Kg7 59. Qg4+ Qg6 60. Qd7+ Kh6 0-1

[Event "27th Klatovy B 2019"]
[Site "Klatovy CZE"]
[Date "2019.07.04"]
[Round "6.13"]
[White "Macho, Miloslav"]
[Black "Stanke, Petr"]
[Result "1-0"]
[WhiteElo "1745"]
[BlackElo "1463"]
[PlyCount "61"]
[EventDate "2019.06.29"]
[EventType "swiss"]
[EventRounds "9"]
[EventCountry "CZE"]

1. e4 e6 2. d3 d5 3. Nd2 Nf6 4. Ngf3 c5 5. Be2 Nc6 6. O-O Be7 7. Re1 O-O 8. c3 b5 9. exd5 exd5 10. d4 c4 11. Ne5 Nxe5 12. dxe5 Nd7 13. Nf3 Nb6 14. Nd4 a6 15. Nc6 Qc7 16. Nxe7+ Qxe7 17. Be3 Rb8 18. Bd4 Rd8 19. Bg4 Bxg4 20. Qxg4 Qe6 21. Qf3 Nc8 22. Bc5 Re8 23. Rad1 Rd8 24. Qf4 Rb7 25. Qg5 Re8 26. h3 Na7 27. Qd2 Nc6 28. Kf1 Nxe5 29. Qxd5 Qxd5 30. Rxd5 f6 31. f4 1-0

[Event "27th Klatovy B 2019"]
[Site "Klatovy CZE"]
[Date "2019.07.04"]
[Round "6.14"]
[White "Benes, Jachym"]
[Black "Schille, Hannes"]
[Result "1-0"]
[WhiteElo "1653"]
[BlackElo "1740"]
[PlyCount "147"]
[EventDate "2019.06.29"]
[EventType "swiss"]
[EventRounds "9"]
[EventCountry "CZE"]

1. e4 c5 2. Nf3 Nc6 3. d4 cxd4 4. Nxd4 e6 5. Nc3 a6 6. Be2 Nf6 7. O-O Be7 8. Be3 O-O 9. f4 Bc5 10. Kh1 Ba7 11. e5 Ne8 12. Ne4 Qe7 13. Nxc6 dxc6 14. Bxa7 Rxa7 15. Qd3 b5 16. Ng5 f5 17. Rad1 h6 18. Nf3 Rd7 19. Qe3 Nc7 20. Rxd7 Bxd7 21. c4 bxc4 22. Bxc4 Qb4 23. b3 Ra8 24. Qd3 Nd5 25. Bxa6 Qxf4 26. a4 Ra7 27. Qc4 Qg4 28. Ne1 Ne3 29. Qc5 Rxa6 30. Qxe3 g5 31. Nd3 Ra8 32. Nc5 Bc8 33. Qd3 Qh5 34. Qd8+ Kg7 35. Nxe6+ Bxe6 36. Qxa8 Qe2 37. Rg1 Bd5 38. Qa7+ Kg6 39. Qc5 f4 40. Qd6+ Kf5 41. Qf6+ Kg4 42. Qxh6 f3 43. Qh3+ Kf4 44. Qg3+ Kf5 45. h3 f2 46. Qg4+ Qxg4 47. hxg4+ Kxg4 48. Rd1 Kg3 49. Rd3+ Kf4 50. Rd1 Ke3 51. Rb1 g4 52. Kh2 Kf4 53. g3+ Kf3 54. a5 c5 55. a6 Ke4 56. Kg2 Ke3+ 57. Kf1 Be4 58. Rd1 Bf3 59. Rd3+ Kxd3 60. Kxf2 Kc3 61. e6 Kxb3 62. e7 Bc6 63. a7 c4 64. a8=Q Bxa8 65. e8=Q c3 66. Qxa8 c2 67. Qc8 Kb2 68. Ke3 c1=Q+ 69. Qxc1+ Kxc1 70. Kf4 Kd2 71. Kxg4 Ke3 72. Kf5 Kd4 73. g4 Kd5 74. Kf6 1-0

[Event "27th Klatovy B 2019"]
[Site "Klatovy CZE"]
[Date "2019.07.04"]
[Round "6.15"]
[White "Kaspar, Lukas"]
[Black "Roskovec, Bedrich"]
[Result "1-0"]
[WhiteElo "1886"]
[BlackElo "1597"]
[PlyCount "61"]
[EventDate "2019.06.29"]
[EventType "swiss"]
[EventRounds "9"]
[EventCountry "CZE"]

1. Nf3 Nf6 2. d4 e6 3. Bf4 b6 4. h3 Bb7 5. e3 Be7 6. Be2 O-O 7. O-O c5 8. c3 cxd4 9. exd4 Nd5 10. Bh2 Na6 11. Nbd2 Nac7 12. a4 Ne8 13. Qb1 Bd6 14. Bd3 Bxh2+ 15. Nxh2 f5 16. Be2 Nd6 17. Bf3 Qg5 18. Bxd5 Bxd5 19. Ndf3 Qg6 20. Qc1 f4 21. Qd1 h5 22. Re1 Rf5 23. Nh4 Qh7 24. Nxf5 Nxf5 25. Re5 Bc6 26. Qe2 Qg6 27. Nf3 Re8 28. Re1 Kf7 29. d5 d6 30. dxc6 dxe5 31. Nxe5+ 1-0

[Event "27th Klatovy B 2019"]
[Site "Klatovy CZE"]
[Date "2019.07.04"]
[Round "6.16"]
[White "Simunek, Jakub Simon"]
[Black "Kovar, Vaclav 1953"]
[Result "1/2-1/2"]
[WhiteElo "1457"]
[BlackElo "1646"]
[PlyCount "41"]
[EventDate "2019.06.29"]
[EventType "swiss"]
[EventRounds "9"]
[EventCountry "CZE"]

1. d4 d5 2. c4 Nf6 3. cxd5 Qxd5 4. Nc3 Qd8 5. e4 e6 6. Bc4 Be7 7. Nf3 O-O 8. O-O b6 9. e5 Nd5 10. Nxd5 exd5 11. Bd3 Bg4 12. h3 Bh5 13. e6 Bxf3 14. Qxf3 fxe6 15. Qh5 g6 16. Bxg6 hxg6 17. Qxg6+ Kh8 18. Qh6+ Kg8 19. Qg6+ Kh8 20. Qh6+ Kg8 21. Qg6+ 1/2-1/2

[Event "27th Klatovy B 2019"]
[Site "Klatovy CZE"]
[Date "2019.07.04"]
[Round "6.17"]
[White "Kubat, Zbynek"]
[Black "Novotny, Jaromir"]
[Result "1/2-1/2"]
[WhiteElo "1612"]
[BlackElo "1796"]
[PlyCount "27"]
[EventDate "2019.06.29"]
[EventType "swiss"]
[EventRounds "9"]
[EventCountry "CZE"]

1. e4 c5 2. d4 cxd4 3. c3 dxc3 4. Nxc3 Nc6 5. Nf3 e6 6. Bc4 Qc7 7. Bb3 Nf6 8. Be3 a6 9. Qd2 Bb4 10. Bf4 e5 11. Bg5 O-O 12. Bxf6 gxf6 13. a3 Bxc3 14. Qxc3 1/2-1/2

[Event "27th Klatovy B 2019"]
[Site "Klatovy CZE"]
[Date "2019.07.04"]
[Round "6.18"]
[White "Chmelik, Ladislav"]
[Black "Juhanak, Daniel"]
[Result "1/2-1/2"]
[WhiteElo "1771"]
[BlackElo "1555"]
[PlyCount "77"]
[EventDate "2019.06.29"]
[EventType "swiss"]
[EventRounds "9"]
[EventCountry "CZE"]

1. e4 e6 2. g3 d5 3. exd5 exd5 4. Bg2 c5 5. Ne2 Nf6 6. O-O Be7 7. d4 O-O 8. Nbc3 Be6 9. Nf4 cxd4 10. Qxd4 Nc6 11. Qd1 d4 12. Nxe6 fxe6 13. Ne2 e5 14. Bg5 Qb6 15. Qd3 Rac8 16. a3 Nd8 17. Bxf6 Bxf6 18. Be4 g6 19. h4 Ne6 20. b4 Ng7 21. Kg2 a5 22. bxa5 Qa7 23. Rh1 Qa6 24. Qxa6 bxa6 25. Nc1 Nf5 26. Re1 Nd6 27. Bd3 e4 28. Bxe4 d3 29. Bd5+ Kh8 30. Nxd3 Bxa1 31. Rxa1 Rxc2 32. Rd1 Nc4 33. Bxc4 Rxc4 34. Nb4 Rc5 35. Rd6 Rxa5 36. Rxa6 Rxa6 37. Nxa6 Ra8 38. Nc5 Rxa3 39. Kh3 1/2-1/2

[Event "27th Klatovy B 2019"]
[Site "Klatovy CZE"]
[Date "2019.07.04"]
[Round "6.19"]
[White "Lener, Jaroslav 1975"]
[Black "Kirs, Pavel"]
[Result "1-0"]
[WhiteElo "1754"]
[BlackElo "1567"]
[PlyCount "75"]
[EventDate "2019.06.29"]
[EventType "swiss"]
[EventRounds "9"]
[EventCountry "CZE"]

1. Nf3 b6 2. e4 Bb7 3. Nc3 Nf6 4. d3 e6 5. Bf4 d6 6. Be2 Be7 7. h3 O-O 8. Qd2 e5 9. Bg5 Nfd7 10. h4 Nc6 11. O-O-O Nd4 12. Nxd4 exd4 13. Nb5 f6 14. Bf4 f5 15. Nxd4 Qc8 16. Nxf5 Bf6 17. Bg5 Qe8 18. Bxf6 Rxf6 19. Qg5 Qf8 20. f4 Re8 21. Bh5 g6 22. Nh6+ Kh8 23. Bg4 Nc5 24. f5 gxf5 25. Nxf5 h6 26. Qd2 Bc8 27. Bh3 d5 28. Ng3 Bxh3 29. Rxh3 Rf2 30. Qc3+ Kh7 31. exd5 Rxg2 32. Ne4 Qf4+ 33. Kb1 Nxe4 34. dxe4 Rxe4 35. Rf3 Qg4 36. Qxc7+ Kg8 37. Qf7+ Kh8 38. Qf8+ 1-0

[Event "27th Klatovy B 2019"]
[Site "Klatovy CZE"]
[Date "2019.07.04"]
[Round "6.20"]
[White "Dubnicka, Augustin 2000"]
[Black "Vavrinkova, Anna"]
[Result "1-0"]
[WhiteElo "1754"]
[BlackElo "1550"]
[PlyCount "43"]
[EventDate "2019.06.29"]
[EventType "swiss"]
[EventRounds "9"]
[EventCountry "CZE"]

1. d4 d5 2. Bf4 Nf6 3. Nf3 e6 4. e3 Nbd7 5. Bd3 c6 6. c3 Be7 7. Nbd2 O-O 8. Ne5 c5 9. Rc1 c4 10. Bb1 b5 11. h4 Bb7 12. g4 Ne4 13. Nxd7 Qxd7 14. f3 Nd6 15. Qc2 f5 16. Nf1 g6 17. Qg2 Ne8 18. h5 Bf6 19. hxg6 hxg6 20. gxf5 exf5 21. Qxg6+ Qg7 22. Bxf5 1-0

[Event "27th Klatovy B 2019"]
[Site "Klatovy CZE"]
[Date "2019.07.04"]
[Round "6.21"]
[White "Vorsilka, Jiri"]
[Black "Blazek, Pavel 1974"]
[Result "0-1"]
[WhiteElo "1568"]
[BlackElo "1745"]
[PlyCount "92"]
[EventDate "2019.06.29"]
[EventType "swiss"]
[EventRounds "9"]
[EventCountry "CZE"]

1. e4 Nc6 2. Nf3 d6 3. d4 Bg4 4. Bb5 a6 5. Bxc6+ bxc6 6. O-O e6 7. Nc3 Qf6 8. Be3 Rb8 9. Rb1 Be7 10. h3 Bxf3 11. Qxf3 Qxf3 12. gxf3 Nf6 13. e5 Nd7 14. f4 d5 15. Ne2 c5 16. c3 O-O 17. Ng3 g6 18. dxc5 Nxc5 19. Bxc5 Bxc5 20. b4 Be7 21. Ne2 Rb6 22. a4 Rc6 23. Rfc1 Rc4 24. a5 Re4 25. Kf1 Rc8 26. f3 Rc4 27. b5 axb5 28. Rxb5 Ra4 29. Rcb1 Kg7 30. Nd4 c5 31. Ne2 Ra8 32. Rb7 Bd8 33. Rd7 Bxa5 34. Rbb7 Rf8 35. Rb5 c4 36. Ra7 Ra1+ 37. Kf2 Bxc3 38. Rxa1 Bxa1 39. Ke3 Ra8 40. Kd2 Ra2+ 41. Kd1 c3 42. Rc5 Rd2+ 43. Ke1 d4 44. Rc4 Bb2 45. Rxd4 Rxe2+ 46. Kxe2 c2 0-1

[Event "27th Klatovy B 2019"]
[Site "Klatovy CZE"]
[Date "2019.07.04"]
[Round "6.22"]
[White "Vnoucek, Pavel"]
[Black "Soucek, Jan"]
[Result "0-1"]
[WhiteElo "1739"]
[BlackElo "1543"]
[PlyCount "124"]
[EventDate "2019.06.29"]
[EventType "swiss"]
[EventRounds "9"]
[EventCountry "CZE"]

1. d4 d5 2. Nf3 Nf6 3. c4 c6 4. e3 e6 5. a3 Nbd7 6. Nbd2 Bd6 7. cxd5 exd5 8. Bd3 O-O 9. b3 Re8 10. Qc2 c5 11. O-O b6 12. Bb2 Bb7 13. Rfe1 Ne4 14. Bb5 f6 15. Rad1 cxd4 16. Nxd4 Rc8 17. Qd3 Ne5 18. Qe2 Nc6 19. Nxe4 Rxe4 20. Bd3 Nxd4 21. Bxd4 Re7 22. Qh5 g6 23. Qh6 Rec7 24. f4 f5 25. h4 Bf8 26. Qg5 Qxg5 27. hxg5 Bxa3 28. g4 fxg4 29. Kg2 Re8 30. Ra1 Bb4 31. Rh1 Bc5 32. Be5 Rce7 33. Rxa7 d4+ 34. e4 Bxe4+ 35. Bxe4 Rxa7 36. Kg3 Rae7 37. Kxg4 Rxe5 38. fxe5 Rxe5 39. Bd3 Be7 40. Bc4+ Kg7 41. Rf1 Rxg5+ 42. Kh3 Bf6 43. Ra1 Ra5 44. Rc1 Rc5 45. Rd1 b5 46. Be6 Rc3+ 47. Kg2 d3 48. Kf3 Bg5 49. Ke4 d2 50. Kd4 b4 51. Bd5 Rc1 52. Bf3 Rxd1 53. Bxd1 Bf6+ 54. Ke3 Bc3 55. Kf4 Kf6 56. Kg4 h6 57. Kf4 h5 58. Kg3 Ke5 59. Kh4 Kf4 60. Kh3 Ke3 61. Kg3 Be5+ 62. Kh4 Kf2 0-1

[Event "27th Klatovy B 2019"]
[Site "Klatovy CZE"]
[Date "2019.07.04"]
[Round "6.23"]
[White "Kotesovec, Jaroslav"]
[Black "Sedlak, Jakub"]
[Result "0-1"]
[WhiteElo "1560"]
[BlackElo "1737"]
[PlyCount "32"]
[EventDate "2019.06.29"]
[EventType "swiss"]
[EventRounds "9"]
[EventCountry "CZE"]

1. e4 c5 2. Nf3 Nc6 3. d4 cxd4 4. Nxd4 Nf6 5. Nc3 e5 6. Nf3 Bb4 7. Bd2 d6 8. Bd3 Bg4 9. h3 Bh5 10. g4 Bg6 11. Nh4 Bxc3 12. Nxg6 Bxd2+ 13. Qxd2 hxg6 14. Bc4 O-O 15. O-O-O Nxe4 16. Qe3 Qg5 0-1

[Event "27th Klatovy B 2019"]
[Site "Klatovy CZE"]
[Date "2019.07.04"]
[Round "6.24"]
[White "Kalista, Karel"]
[Black "Vilimek, Vit"]
[Result "0-1"]
[WhiteElo "1736"]
[BlackElo "1529"]
[PlyCount "64"]
[EventDate "2019.06.29"]
[EventType "swiss"]
[EventRounds "9"]
[EventCountry "CZE"]

1. Nf3 Nf6 2. c4 g6 3. Nc3 Bg7 4. d4 d5 5. cxd5 Nxd5 6. Qb3 Nxc3 7. bxc3 O-O 8. e4 c5 9. d5 e6 10. Bc4 exd5 11. Bxd5 Na6 12. O-O Nc7 13. Bc4 Qe8 14. Bf4 Qc6 15. Ne5 Qxe4 16. Nxg6 b5 17. Bd3 Qxd3 18. Ne7+ Kh8 19. Bxc7 Qd7 20. Qd5 Qxe7 21. Qxa8 Qxc7 22. Rae1 Qb7 23. Qxb7 Bxb7 24. Re7 Bd5 25. Rc1 Bxa2 26. Rxa7 Be6 27. Rb7 b4 28. cxb4 c4 29. b5 Rd8 30. h3 c3 31. b6 Be5 32. g4 c2 0-1

[Event "27th Klatovy B 2019"]
[Site "Klatovy CZE"]
[Date "2019.07.04"]
[Round "6.25"]
[White "Flajsman, Zdenek"]
[Black "Berka, Lubos"]
[Result "0-1"]
[WhiteElo "1503"]
[BlackElo "1733"]
[PlyCount "82"]
[EventDate "2019.06.29"]
[EventType "swiss"]
[EventRounds "9"]
[EventCountry "CZE"]

1. e4 b6 2. Bc4 Bb7 3. d3 e6 4. Nf3 Nf6 5. Bg5 h6 6. Bh4 Be7 7. Nbd2 O-O 8. c3 c5 9. O-O d5 10. exd5 Nxd5 11. Bxe7 Qxe7 12. Re1 Nf6 13. Qe2 Qc7 14. Ne4 Nbd7 15. Rad1 Rad8 16. Nxf6+ Nxf6 17. Qe5 Qxe5 18. Nxe5 Rd6 19. h3 Rfd8 20. g4 Nd5 21. g5 hxg5 22. Kh2 Nf4 23. Re3 f6 24. Ng4 Bd5 25. Bb5 Bb7 26. a4 Kf7 27. Bc4 Bc6 28. Rde1 Bd5 29. Bb5 Ng2 30. Kg3 Nxe1 31. Rxe1 Bc6 32. Bc4 Ra8 33. Ba6 Bxa4 34. Bb7 Rb8 35. Be4 Bc2 36. Ra1 a5 37. b4 cxb4 38. cxb4 Bxd3 39. Rd1 Rbd8 40. Bb7 axb4 41. Rc1 b3 0-1

[Event "27th Klatovy B 2019"]
[Site "Klatovy CZE"]
[Date "2019.07.04"]
[Round "6.26"]
[White "Krisman, Ondrej"]
[Black "Cyron, Karel"]
[Result "1-0"]
[WhiteElo "1546"]
[BlackElo "1720"]
[PlyCount "71"]
[EventDate "2019.06.29"]
[EventType "swiss"]
[EventRounds "9"]
[EventCountry "CZE"]

1. e4 Nf6 2. e5 Nd5 3. d4 d6 4. c4 Nb6 5. f4 dxe5 6. fxe5 Nc6 7. Be3 Bf5 8. a3 e6 9. Nf3 Be7 10. Bd3 Bg4 11. O-O O-O 12. Qd2 Bxf3 13. Rxf3 Nxd4 14. Bxh7+ Kxh7 15. Bxd4 c5 16. Qc2+ Kg8 17. Bf2 Nd7 18. Rh3 g6 19. Bg3 Bg5 20. Nc3 Kg7 21. Ne4 Be3+ 22. Kh1 Rh8 23. Rxh8 Qxh8 24. Rd1 Nb6 25. Nd6 Rd8 26. Qe4 Bd4 27. Bh4 Qh5 28. Bf6+ Kg8 29. g4 Qh3 30. Bxd8 Bxe5 31. Qg2 Qb3 32. Qe2 Nd7 33. Nxf7 Bd4 34. Ng5 e5 35. Qf1 Bf2 36. Rd2 1-0